000 00522nam a2200181 a 4500
008 951205s1983||||[C 0 slo c
020 _c10 Kčs.
_q(5000 výtl.)
040 _aSNK
_bslo
_cSNK
_eAACR2
041 1 _aslo
_hslo
044 _axo
_cSK
080 _a616.89
100 1 _aLászlová, Karin
_4aut
245 1 0 _aStroskotanci života
_cKarin Lászlová ; Miroslav Halama
260 _aMartin
_bOsveta
_c1983
_eLiptovský Mikuláš
_fTlačiarne SNP
300 _c20 cm
700 1 _aHalama, Miroslav
_4bkd
958 _aA
999 _c12000
_d12000